00842nam a2200241 i 450000100060000000300090000600500170001500700030003200800410003502000180007608000140009410000280010824500500013625000260018626000720021230000220028449000390030665000360034583000470038185200330042899900170046195201220047818424ES-MaACL20230906151833.0t|011106s2001 ag ||||1| spa d a950-557-363-4 a336.334.31 aBauman, Zygmunt.92657910aEn busca de la política / cZygmunt Bauman. a1ª ed. en español. aBuenos Aires : bFondo de Cultura Económica de Argentina, c2001. a218 p. ; c23 cm.1 aSección de obras de sociología14aSociología política.9172150 aSección de obras de sociología9179836 aES-MaACLjL-25062 bR.130532 c18424d18424 00104070aATENEOMbATENEOMcDEPO2d2008-01-17eSCl0oL-25062p1018850r2023-02-23 00:00:00w2023-02-23yMONOGRAFIA